MARC details
| 000 -LEADER |
| fixed length control field |
02469nam a2200313 i 4500 |
| 003 - CONTROL NUMBER IDENTIFIER |
| control field |
CSPC |
| 005 - DATE AND TIME OF LATEST TRANSACTION |
| control field |
20260420110613.0 |
| 008 - FIXED-LENGTH DATA ELEMENTS--GENERAL INFORMATION |
| fixed length control field |
260408s2010 ii a 001 0 eng d |
| 020 ## - INTERNATIONAL STANDARD BOOK NUMBER |
| International Standard Book Number |
9788174734518 |
| 040 ## - CATALOGING SOURCE |
| Original cataloging agency |
CSPC |
| Language of cataloging |
eng |
| Transcribing agency |
CSPC |
| Description conventions |
rda |
| 050 00 - LIBRARY OF CONGRESS CALL NUMBER |
| Classification number |
RA418 |
| Item number |
.R36 2010 |
| 082 04 - DEWEY DECIMAL CLASSIFICATION NUMBER |
| Classification number |
362.1 |
| Item number |
R180t |
| Edition number |
23 |
| 100 1# - MAIN ENTRY--PERSONAL NAME |
| Personal name |
Rao, B. Sridhar, |
| Relator term |
author. |
| 245 10 - TITLE STATEMENT |
| Title |
Textbook of social medicine : |
| Remainder of title |
for students of medicine and social sciences / |
| Statement of responsibility, etc. |
B. Sridhar Rao. |
| 246 #3 - VARYING FORM OF TITLE |
| Title proper/short title |
Text book of social medicine |
| 250 ## - EDITION STATEMENT |
| Edition statement |
2nd edition. |
| 250 ## - EDITION STATEMENT |
| Edition statement |
Revised edition. |
| 264 #1 - PRODUCTION, PUBLICATION, DISTRIBUTION, MANUFACTURE, AND COPYRIGHT NOTICE |
| Place of production, publication, distribution, manufacture |
Krishan Nagar, Delhi : |
| Name of producer, publisher, distributor, manufacturer |
AITBS Publishers, India ; Medical Publishers, |
| Date of production, publication, distribution, manufacture, or copyright notice |
2023. |
| 300 ## - PHYSICAL DESCRIPTION |
| Extent |
xv, 238 pages : |
| Other physical details |
illustrations ; |
| Dimensions |
24 cm. |
| 336 ## - CONTENT TYPE |
| Source |
rdacontent |
| Content type term |
text |
| 337 ## - MEDIA TYPE |
| Source |
rdamedia |
| Media type term |
unmediated |
| 338 ## - CARRIER TYPE |
| Source |
rdacarrier |
| Carrier type term |
volume |
| 500 ## - GENERAL NOTE |
| General note |
Includes index. |
| 505 0# - FORMATTED CONTENTS NOTE |
| Formatted contents note |
Part A: Social factors in diseases in general -- Part B: Social factors predisposing to specific groups in diseases -- Part C: The relation of social factors to social afflictions -- Part D: Beneficial social factors -- Part E: Social consequences of diseases -- Part F: Miscellany. |
| 520 ## - SUMMARY, ETC. |
| Summary, etc. |
"This UGC sponsored and National Award winning book is the only book of its kind. It deals exhaustively with the subject of social medicine. It is treatise on the role of global sociocultural factors in the causation of physical, mental and psychological diseases, disabilities, suicides, crimes, prostitution and drug addiction. Also, it discuses threadbare how the acts of omission and commission of people including medical and paramedical personnel, lead to the perpetuation of worsening of diseases. When read between the lines it makes a strong plea to the medical practitioners including specialties and super specialists to take a holistic view of their patients and ever look upon them as members of dynamic kinship, neighborhood and occupational groups. Though written primarily for medical students this book will be equally useful not only to students of nursing and other paramedical disciplines but, also to the students of social sciences. What is more, even lay persons will find this book so easy that they be loath to put in down before reading to the very last page"-- Back cover. |
| 650 #2 - SUBJECT ADDED ENTRY--TOPICAL TERM |
| Topical term or geographic name entry element |
Social medicine |
| General subdivision |
Textbooks. |
| 942 ## - ADDED ENTRY ELEMENTS (KOHA) |
| Source of classification or shelving scheme |
Dewey Decimal Classification |
| Suppress in OPAC |
No |
| Koha item type |
Books |
| Classification part |
362.1 |
| Item part |
R180t |
| Call number prefix |
GRD |
| Call number suffix |
2023 |
| Edition |
23 |